Tổ chức không gian kiến trúc các loại nhà công cộng
Nội dung tài liệu đưa ra những giải pháp tổ chức không gian kiến trúc các loại nhà công cộng: nhà trẻ, trường học, nhà văn hóa, rạp chiếu phim, nhà hát, chợ mái, trung tâm thương mại, sân vận động, bệnh viện v.v... Tài liệu thích hợp để t...
Gorde:
| Egile nagusia: | |
|---|---|
| Formatua: | Liburua |
| Hizkuntza: | Undetermined |
| Argitaratua: |
Hà Nội
Xây dựng
2011
|
| Gaiak: | |
| Etiketak: |
Etiketa erantsi
Etiketarik gabe, Izan zaitez lehena erregistro honi etiketa jartzen!
|
| Thư viện lưu trữ: | Trung tâm Học liệu Trường Đại học Cần Thơ |
|---|
| LEADER | 01162nam a2200217Ia 4500 | ||
|---|---|---|---|
| 001 | CTU_168932 | ||
| 008 | 210402s9999 xx 000 0 und d | ||
| 020 | |c 77000 | ||
| 082 | |a 725 | ||
| 082 | |b C550 | ||
| 100 | |a Vũ, Duy Cừ | ||
| 245 | 0 | |a Tổ chức không gian kiến trúc các loại nhà công cộng | |
| 245 | 0 | |c Vũ Duy Cừ | |
| 260 | |a Hà Nội | ||
| 260 | |b Xây dựng | ||
| 260 | |c 2011 | ||
| 520 | |a Nội dung tài liệu đưa ra những giải pháp tổ chức không gian kiến trúc các loại nhà công cộng: nhà trẻ, trường học, nhà văn hóa, rạp chiếu phim, nhà hát, chợ mái, trung tâm thương mại, sân vận động, bệnh viện v.v... Tài liệu thích hợp để tham khảo và học tập môn "Đồ án thiết kế kiến trúc nhà công cộng" | ||
| 650 | |a Public buildings,Buildings,Nhà công cộng,Xây dựng | ||
| 650 | |x Envỉonmental aspects,Khía cạnh môi trường | ||
| 904 | |i Trọng Hiếu | ||
| 980 | |a Trung tâm Học liệu Trường Đại học Cần Thơ | ||